000 00296nam a2200109 4500
999 _c10282
_d10282
008 180810b ||||| |||| 00| 0 eng d
245 _aPhilHealth rolls out module for grade 10.
260 _aDavao City
_bSun Star Davao
_cc2017
300 _apage 8.
650 0 _930351
_aHealth.
942 _2ddc
_cPER